<?xml version="1.0" encoding="UTF-8"?>
<record
    xmlns:xsi="http://www.w3.org/2001/XMLSchema-instance"
    xsi:schemaLocation="http://www.loc.gov/MARC21/slim http://www.loc.gov/standards/marcxml/schema/MARC21slim.xsd"
    xmlns="http://www.loc.gov/MARC21/slim">

  <leader>00568nam a22002057a 4500</leader>
  <controlfield tag="005">20260220103844.0</controlfield>
  <controlfield tag="008">240214b        |||||||| |||| 00| 0 eng d</controlfield>
  <datafield tag="020" ind1=" " ind2=" ">
    <subfield code="a">978-93-92242-68-7</subfield>
  </datafield>
  <datafield tag="041" ind1=" " ind2=" ">
    <subfield code="a">Eng</subfield>
  </datafield>
  <datafield tag="082" ind1=" " ind2=" ">
    <subfield code="a">618.23</subfield>
    <subfield code="2">23</subfield>
  </datafield>
  <datafield tag="100" ind1=" " ind2=" ">
    <subfield code="a">Sasmal Suvashri</subfield>
  </datafield>
  <datafield tag="245" ind1=" " ind2=" ">
    <subfield code="a">Textbook of Child Health Nursing-I for BSc Nursing Students Semester-V</subfield>
  </datafield>
  <datafield tag="250" ind1=" " ind2=" ">
    <subfield code="a">1st Edition</subfield>
  </datafield>
  <datafield tag="260" ind1=" " ind2=" ">
    <subfield code="b">Vision Health Sciences Publishers</subfield>
    <subfield code="c">2024</subfield>
    <subfield code="a">Punjab</subfield>
  </datafield>
  <datafield tag="300" ind1=" " ind2=" ">
    <subfield code="a">390p</subfield>
  </datafield>
  <datafield tag="365" ind1=" " ind2=" ">
    <subfield code="b">725.00</subfield>
  </datafield>
  <datafield tag="650" ind1=" " ind2=" ">
    <subfield code="a">Child Health Nursing</subfield>
  </datafield>
  <datafield tag="651" ind1=" " ind2=" ">
    <subfield code="a">Child Health Nursing</subfield>
  </datafield>
  <datafield tag="942" ind1=" " ind2=" ">
    <subfield code="c">BK</subfield>
  </datafield>
  <datafield tag="999" ind1=" " ind2=" ">
    <subfield code="c">357098</subfield>
    <subfield code="d">357098</subfield>
  </datafield>
  <datafield tag="952" ind1=" " ind2=" ">
    <subfield code="0">0</subfield>
    <subfield code="1">0</subfield>
    <subfield code="2">ddc</subfield>
    <subfield code="4">0</subfield>
    <subfield code="7">0</subfield>
    <subfield code="a">BTIN</subfield>
    <subfield code="b">BTIN</subfield>
    <subfield code="d">2024-02-13</subfield>
    <subfield code="g">725.00</subfield>
    <subfield code="i">68</subfield>
    <subfield code="l">12</subfield>
    <subfield code="m">12</subfield>
    <subfield code="o">P 610.7362 SAS DB1232</subfield>
    <subfield code="p">BTIN-DB-1232</subfield>
    <subfield code="r">2025-12-03 17:21:00</subfield>
    <subfield code="s">2025-08-26</subfield>
    <subfield code="w">2024-02-14</subfield>
    <subfield code="y">DB</subfield>
    <subfield code="z">DB1232</subfield>
  </datafield>
  <datafield tag="952" ind1=" " ind2=" ">
    <subfield code="0">0</subfield>
    <subfield code="1">0</subfield>
    <subfield code="2">ddc</subfield>
    <subfield code="4">0</subfield>
    <subfield code="7">0</subfield>
    <subfield code="a">BTIN</subfield>
    <subfield code="b">BTIN</subfield>
    <subfield code="d">2025-06-04</subfield>
    <subfield code="g">725.00</subfield>
    <subfield code="i">IK#2025-26#550</subfield>
    <subfield code="l">3</subfield>
    <subfield code="m">5</subfield>
    <subfield code="o">P 610.7362 SAS DB1347</subfield>
    <subfield code="p">BTIN-DB-1347</subfield>
    <subfield code="r">2025-12-03 17:09:20</subfield>
    <subfield code="s">2025-08-26</subfield>
    <subfield code="w">2025-06-04</subfield>
    <subfield code="y">DB</subfield>
    <subfield code="z">DB1347</subfield>
  </datafield>
  <datafield tag="952" ind1=" " ind2=" ">
    <subfield code="0">0</subfield>
    <subfield code="1">0</subfield>
    <subfield code="2">ddc</subfield>
    <subfield code="4">0</subfield>
    <subfield code="7">0</subfield>
    <subfield code="a">SNCN</subfield>
    <subfield code="b">SNCN</subfield>
    <subfield code="d">2025-09-25</subfield>
    <subfield code="e">108</subfield>
    <subfield code="g">507.50</subfield>
    <subfield code="l">1</subfield>
    <subfield code="o">618.23/SAS</subfield>
    <subfield code="p">SNCN-BK-3619</subfield>
    <subfield code="q">2025-12-06</subfield>
    <subfield code="r">2025-11-06 11:47:17</subfield>
    <subfield code="s">2025-11-06</subfield>
    <subfield code="v">725.00</subfield>
    <subfield code="w">2025-09-25</subfield>
    <subfield code="y">BK</subfield>
  </datafield>
  <datafield tag="952" ind1=" " ind2=" ">
    <subfield code="0">0</subfield>
    <subfield code="1">0</subfield>
    <subfield code="2">ddc</subfield>
    <subfield code="4">0</subfield>
    <subfield code="7">0</subfield>
    <subfield code="a">SNCN</subfield>
    <subfield code="b">SNCN</subfield>
    <subfield code="d">2025-09-25</subfield>
    <subfield code="e">108</subfield>
    <subfield code="g">507.50</subfield>
    <subfield code="l">1</subfield>
    <subfield code="o">618.23/SAS</subfield>
    <subfield code="p">SNCN-BK-3620</subfield>
    <subfield code="r">2025-12-03 16:09:24</subfield>
    <subfield code="s">2025-11-24</subfield>
    <subfield code="v">725.00</subfield>
    <subfield code="w">2025-09-25</subfield>
    <subfield code="y">BK</subfield>
  </datafield>
  <datafield tag="952" ind1=" " ind2=" ">
    <subfield code="0">0</subfield>
    <subfield code="1">0</subfield>
    <subfield code="2">ddc</subfield>
    <subfield code="4">0</subfield>
    <subfield code="7">0</subfield>
    <subfield code="a">SNCN</subfield>
    <subfield code="b">SNCN</subfield>
    <subfield code="d">2025-09-25</subfield>
    <subfield code="e">108</subfield>
    <subfield code="g">507.50</subfield>
    <subfield code="l">0</subfield>
    <subfield code="o">618.23/SAS</subfield>
    <subfield code="p">SNCN-BK-3618</subfield>
    <subfield code="r">2025-09-25 00:00:00</subfield>
    <subfield code="v">725.00</subfield>
    <subfield code="w">2025-09-25</subfield>
    <subfield code="y">RF</subfield>
  </datafield>
  <datafield tag="952" ind1=" " ind2=" ">
    <subfield code="0">0</subfield>
    <subfield code="1">0</subfield>
    <subfield code="2">ddc</subfield>
    <subfield code="4">0</subfield>
    <subfield code="7">0</subfield>
    <subfield code="a">SNCN</subfield>
    <subfield code="b">SNCN</subfield>
    <subfield code="d">2025-09-25</subfield>
    <subfield code="e">108</subfield>
    <subfield code="g">507.50</subfield>
    <subfield code="l">2</subfield>
    <subfield code="o">618.23/SAS</subfield>
    <subfield code="p">SNCN-BK-3622</subfield>
    <subfield code="r">2026-02-27 10:51:40</subfield>
    <subfield code="s">2026-02-17</subfield>
    <subfield code="v">725.00</subfield>
    <subfield code="w">2025-09-25</subfield>
    <subfield code="y">BK</subfield>
  </datafield>
  <datafield tag="952" ind1=" " ind2=" ">
    <subfield code="0">0</subfield>
    <subfield code="1">0</subfield>
    <subfield code="2">ddc</subfield>
    <subfield code="4">0</subfield>
    <subfield code="7">0</subfield>
    <subfield code="a">SNCN</subfield>
    <subfield code="b">SNCN</subfield>
    <subfield code="d">2025-09-25</subfield>
    <subfield code="e">108</subfield>
    <subfield code="g">507.50</subfield>
    <subfield code="l">0</subfield>
    <subfield code="o">618.23/SAS</subfield>
    <subfield code="p">SNCN-BK-3621</subfield>
    <subfield code="r">2025-09-25 00:00:00</subfield>
    <subfield code="v">725.00</subfield>
    <subfield code="w">2025-09-25</subfield>
    <subfield code="y">BK</subfield>
  </datafield>
</record>
